|
|
|
|
| LEADER |
01518nam a2200313 a 4500 |
| 001 |
0015203 |
| 003 |
BD-DhAAL |
| 008 |
091025r20041999ii 000 0 eng d |
| 010 |
|
|
|a 50038082
|
| 020 |
|
|
|a 817177170X (Hardcover)
|
| 020 |
|
|
|a 8171771718 (Paperback)
|
| 040 |
|
|
|a DLC
|c CarP
|d DLC
|d BD-DhAAL
|
| 082 |
0 |
0 |
|a 347.9954
|2 22
|
| 100 |
1 |
|
|a De Souza, L. C., [from old catalog]
|e comp.
|9 58564
|
| 245 |
0 |
0 |
|a Forms and precedents of conveyancing /
|c C.R.Datta and M.N. Das.
|
| 250 |
|
|
|a Thirteenth edition.
|
| 260 |
|
|
|a Kolkata :
|b Eastern Law House,
|c 1999 [third revised impression 2004].
|
| 300 |
|
|
|a [48] 1448 pages :
|b illustrations ;
|c 19 cm
|
| 500 |
|
|
|a Includes index.
|
| 526 |
|
|
|a SOL
|x Professor K Shamsuddin Mahmood
Professor and Dean
School of Law
BRAC University
|
| 541 |
|
|
|e 0017436
|a Anupam Gyan Bhandar
|
| 650 |
|
0 |
|a Forms (Law)
|z India. [from old catalog]
|9 58565
|
| 700 |
1 |
|
|a Datta, C.R.
|9 58566
|
| 700 |
1 |
|
|a Das, M.N.
|9 58567
|
| 852 |
4 |
|
|a Ayesha Abed Library
|c General Stacks
|
| 942 |
|
|
|2 ddc
|c BK
|
| 999 |
|
|
|c 8265
|d 8265
|
| 952 |
|
|
|0 0
|1 0
|2 ddc
|4 0
|6 347_995400000000000_DES_2004
|7 0
|9 9483
|a BRACUL
|b BRACUL
|c GEN
|d 2010-04-27
|e Anupam Gyan Bhandar
|g 648.00
|l 5
|m 34
|o 347.9954 DES
|p 3010017436
|r 2025-10-25
|s 2024-11-12
|t 2
|w 2010-04-27
|y BK
|x Requisitioned by Professor K Shamsuddin Mahmood (Professor and Dean), School of Law, BRAC University
|
| 952 |
|
|
|0 0
|1 0
|2 ddc
|4 0
|6 347_995400000000000_DES_2004
|7 0
|9 9484
|a BRACUL
|b BRACUL
|c GEN
|d 2010-04-27
|l 13
|m 74
|o 347.9954 DES
|p 3010015203
|r 2026-03-29
|s 2025-10-15
|t 1
|w 2010-04-27
|y BK
|